Los factores socioeconómicos en las enfermedades cardiovasculares /
Kaydedildi:
| Yazar: | |
|---|---|
| Materyal Türü: | Metin |
| Konular: | |
| Etiketler: |
Etiketle
Etiket eklenmemiş, İlk siz ekleyin!
|
MARC
| LEADER | 00000 a a2200000 04500 | ||
|---|---|---|---|
| 001 | 47627 | ||
| 003 | |||
| 040 | |||
| 090 | |a REV0857 3 (6) 1977 | ||
| 100 | |a León Gómez, Francisco | ||
| 245 | |a Los factores socioeconómicos en las enfermedades cardiovasculares / |c Francisco León Gómez | ||
| 650 | |a ENFERMEDAD CARDIOVASCULAR | ||
| 650 | |a EMIGRANTES | ||
| 650 | |a PSICOLOGIA SOCIAL | ||
| 773 | |g volumen3, número6, enero-abril (1977) | ||
| 999 | |c 24537 |d 24537 | ||
